000
00259nam a2200097Ia 4500
001
679714
005
20250826161101.0
008
250824s9999 xx 000 0 und d
245
0
_a
GELECEĞİ GÖRME ORTAKLIĞI
_c
TOLGA GÜMÜŞAY
260
_b
GÜNIŞIĞI YAYINLARI
999
_c
679714
_d
679714